[Event "DSOL 05 Liga Gr-C 1st"]
[Site "Playchess.com INT"]
[Date "2020.08.03"]
[Round "7.3"]
[White "Frischmann, Lucas"]
[Black "Helfer, Marcus"]
[Result "1-0"]
[WhiteElo "1631"]
[BlackElo "1171"]
[PlyCount "89"]
[EventDate "2020.06.22"]
[EventType "team-tourn (rapid)"]
[EventCountry "GER"]
[SourceTitle "EXT 2021"]
[Source "ChessBase"]
[SourceDate "2020.10.23"]
[SourceVersion "1"]
[SourceVersionDate "2020.10.23"]
[SourceQuality "1"]
[WhiteTeam "Zwickau"]
[BlackTeam "Gern SF"]
[WhiteTeamCountry "GER"]
[BlackTeamCountry "GER"]

1. c4 e5 2. g3 d6 3. Bg2 Nf6 4. Nc3 Be7 5. e4 Nbd7 6. Nge2 0-0 7. 0-0 c6 8. d3 a5 9. h3 Nc5 10. f4 Qb6 11. Kh2 Ne6 12. f5 Nd4 13. g4 h6 14. Rb1 Qc7 15. Be3 Nxe2 16. Qxe2 Nh7 17. Qf2 Bd7 18. Qg3 f6 19. Ne2 Rac8 20. Ng1 Be8 21. Nf3 Bf7 22. h4 Qd8 23. Rg1 Kh8 24. Qf2 b5 25. b3 Qd7 26. Bh3 d5 27. cxd5 cxd5 28. g5 dxe4 29. dxe4 Qd3 30. Rbd1 Qxe4 31. g6 Bd5 32. Nd2 Qc2 33. gxh7 Qxa2 34. Ra1 Qb2 35. Bg2 Bxb3 36. Rab1 Qc3 37. Rxb3 Qc7 38. Rxb5 a4 39. Rb7 Qd8 40. Bf3 Kxh7 41. Qg2 Rg8 42. Bd5 Rc7 43. Rxc7 Qxc7 44. Bxg8+ Kxg8 45. Qxg7# 1-0